[Event "POL-chT3 Dolnoslaskie 1516"]
[Site "Poland"]
[Date "2015.11.22"]
[Round "3.9"]
[White "Duszenko, Michal"]
[Black "Bronowicki, Krzysztof"]
[Result "0-1"]
[WhiteElo "1848"]
[BlackElo "1712"]
[PlyCount "60"]
[EventDate "2015.10.18"]
[EventType "team-tourn"]
[EventRounds "11"]
[EventCountry "POL"]
[SourceTitle "EXT 2018"]
[Source "ChessBase"]
[SourceDate "2017.10.13"]
[SourceVersion "1"]
[SourceVersionDate "2017.10.13"]
[SourceQuality "1"]

1. e4 c5 2. Nf3 e6 3. d4 cxd4 4. Nxd4 Nf6 5. Nc3 d6 6. Be2 a6 7. 0-0 Be7 8. Be3 0-0 9. f4 Qc7 10. Bf3 Nc6 11. Kh1 Bd7 12. a4 Na5 13. Bg1 Rac8 14. Qe2 Nc4 15. Nd1 e5 16. fxe5 dxe5 17. Nf5 Bxf5 18. exf5 e4 19. Bg4 Ne5 20. Ne3 Bc5 21. Bh3 Bxe3 22. Qxe3 Qxc2 23. Qg5 Rc4 24. Rf2 Qb3 25. Ra3 Qd1 26. Rd2 Qe1 27. Rg3 Nh5 28. Qxh5 Rc1 29. Rxg7+ Kxg7 30. Qg5+ Ng6 0-1

[Event "Rewal op-B 17th"]
[Site "Rewal"]
[Date "2012.08.??"]
[Round "6"]
[White "Bes, Michal"]
[Black "Duszenko, Michal"]
[Result "1-0"]
[WhiteElo "1977"]
[BlackElo "1852"]
[PlyCount "91"]
[EventDate "2012.08.20"]
[EventType "swiss"]
[EventRounds "9"]
[EventCountry "POL"]
[SourceTitle "EXT 2014"]
[Source "ChessBase"]
[SourceDate "2013.11.20"]
[SourceVersion "1"]
[SourceVersionDate "2013.11.20"]
[SourceQuality "1"]

1. Nf3 d6 2. e4 Nf6 3. Nc3 g6 4. d4 Bg7 5. Be3 0-0 6. Qd2 Nc6 7. h3 e5 8. d5 Ne7 9. 0-0-0 Ne8 10. g4 b6 11. Bh6 Kh8 12. Ne2 f5 13. gxf5 gxf5 14. Bxg7+ Nxg7 15. Ng5 Ng6 16. h4 fxe4 17. h5 e3 18. Qxe3 Nf4 19. Nxf4 exf4 20. Qd4 Qxg5 21. h6 Qe5 22. hxg7+ Kxg7 23. Qc4 Bf5 24. Qxc7+ Rf7 25. Qc3 Qxc3 26. bxc3 Kf6 27. Rd4 Re8 28. Rxf4 Re4 29. Rxf5+ Kxf5 30. Bd3 Kf4 31. Rh4+ Kf3 32. Bxe4+ Kxf2 33. Rxh7 Rf4 34. Bd3 Ra4 35. Kb2 Ke3 36. Rh6 Ra5 37. Rxd6 Kf4 38. Rd8 Ke5 39. d6 Rd5 40. Re8+ Kf6 41. Rf8+ Kg7 42. Rd8 Kf6 43. a4 Ke5 44. d7 Kd6 45. Bb5 a6 46. Rc8 1-0

[Event "Rewal op-B 17th"]
[Site "Rewal"]
[Date "2012.08.??"]
[Round "4"]
[White "Birkenmaier, Rainer"]
[Black "Duszenko, Michal"]
[Result "1/2-1/2"]
[WhiteElo "2099"]
[BlackElo "1852"]
[PlyCount "43"]
[EventDate "2012.08.20"]
[EventType "swiss"]
[EventRounds "9"]
[EventCountry "POL"]
[SourceTitle "EXT 2014"]
[Source "ChessBase"]
[SourceDate "2013.11.20"]
[SourceVersion "1"]
[SourceVersionDate "2013.11.20"]
[SourceQuality "1"]

1. d4 Nf6 2. Nf3 g6 3. c4 c5 4. Nc3 cxd4 5. Nxd4 d5 6. e3 dxc4 7. Bxc4 Bg7 8. 0-0 0-0 9. b3 Bd7 10. Bb2 Nc6 11. Nd5 Nxd5 12. Bxd5 Rc8 13. Bxc6 Bxc6 14. Rc1 Qb6 15. Nxc6 Rxc6 16. Rxc6 bxc6 17. Bxg7 Kxg7 18. Qd7 Qa5 19. Qxc6 Qxa2 20. Qc3+ f6 21. g3 Rb8 22. Ra1 1/2-1/2

[Event "POL-ch Amateur"]
[Site "Wroclaw"]
[Date "2012.06.23"]
[Round "3"]
[White "Duszenko, Michal"]
[Black "Bohdanowicz, Tomasz"]
[Result "1/2-1/2"]
[WhiteElo "1833"]
[BlackElo "1929"]
[PlyCount "46"]
[EventDate "2012.06.22"]
[EventType "swiss"]
[EventRounds "7"]
[EventCountry "POL"]
[SourceTitle "EXT 2013"]
[Source "ChessBase"]
[SourceDate "2012.11.22"]
[SourceVersion "1"]
[SourceVersionDate "2012.11.22"]
[SourceQuality "1"]

1. e4 c5 2. Nf3 Nc6 3. d4 cxd4 4. Nxd4 Nf6 5. Nc3 e5 6. Ndb5 d6 7. Bg5 a6 8. Na3 b5 9. Nd5 Qa5+ 10. Bd2 Qd8 11. Nxf6+ Qxf6 12. c4 Qg6 13. cxb5 Qxe4+ 14. Qe2 Qxe2+ 15. Bxe2 Nd4 16. Bd3 d5 17. Bc3 Bxa3 18. Bxd4 Bb4+ 19. Bc3 Bxc3+ 20. bxc3 axb5 21. Bxb5+ Bd7 22. Bxd7+ Kxd7 23. Kd2 Rhb8 1/2-1/2

[Event "Wroclaw op-B 6th"]
[Site "Wroclaw"]
[Date "2011.07.11"]
[Round "9"]
[White "Lukasiewicz, Aleksander"]
[Black "Duszenko, Michal"]
[Result "1-0"]
[WhiteElo "1925"]
[BlackElo "1840"]
[PlyCount "45"]
[EventDate "2011.07.04"]
[EventType "swiss"]
[EventRounds "9"]
[EventCountry "POL"]
[SourceTitle "EXT 2023"]
[Source "ChessBase"]
[SourceDate "2022.10.05"]
[SourceVersion "1"]
[SourceVersionDate "2022.10.05"]
[SourceQuality "1"]

1. e4 e5 2. Nf3 Nc6 3. d4 exd4 4. c3 d5 5. exd5 Qxd5 6. cxd4 Bg4 7. Be2 Nf6 8. Nc3 Qd7 9. d5 Nb4 10. Bb5 c6 11. dxc6 Qxd1+ 12. Nxd1 bxc6 13. Ba4 Bxf3 14. gxf3 Kd7 15. 0-0 Bd6 16. Ne3 Nbd5 17. Rd1 Kc7 18. Nc4 Nb6 19. Rxd6 Nxa4 20. Bf4 Kb7 21. Rc1 Nh5 22. Na5+ Kb6 23. Rcxc6+ 1-0

[Event "Polanica Zdroj op-B 46th"]
[Site "Polanica Zdroj"]
[Date "2010.08.26"]
[Round "9"]
[White "Duszenko, Michal"]
[Black "Laszewicz, Magdalena"]
[Result "1-0"]
[WhiteElo "1834"]
[BlackElo "1623"]
[PlyCount "63"]
[EventDate "2010.08.18"]
[EventType "swiss"]
[EventRounds "9"]
[EventCountry "POL"]
[SourceTitle "CBM 138 Extra"]
[Source "ChessBase"]
[SourceDate "2010.10.29"]
[SourceVersion "1"]
[SourceVersionDate "2010.10.29"]
[SourceQuality "1"]

1. e4 c5 2. Nf3 Nc6 3. d4 cxd4 4. Nxd4 d5 5. Nxc6 bxc6 6. e5 Bf5 7. Be2 e6 8. 0-0 Bc5 9. Kh1 Ne7 10. Nc3 h6 11. f4 0-0 12. Qe1 Bxc2 13. Bd2 Bg6 14. Rc1 Rb8 15. Na4 Bb6 16. Bb4 Re8 17. Bd6 Bc7 18. Bxe7 Qxe7 19. Rxc6 Bd8 20. b3 Qh4 21. Qc3 Be4 22. Qe3 a5 23. Nc3 Rb4 24. Nb5 f5 25. exf6 gxf6 26. a3 Bxg2+ 27. Kxg2 Re4 28. Qf2 Qxf2+ 29. Rxf2 Kh8 30. Nd6 Rg8+ 31. Kf3 f5 32. Nxe4 1-0

[Event "Polanica Zdroj op-B 45th"]
[Site "Polanica Zdroj"]
[Date "2009.08.24"]
[Round "7"]
[White "Duszenko, Michal"]
[Black "Nowicki, Bartosz"]
[Result "1-0"]
[WhiteElo "1785"]
[BlackElo "1944"]
[PlyCount "63"]
[EventDate "2009.08.18"]
[EventType "swiss"]
[EventRounds "10"]
[EventCountry "POL"]
[SourceTitle "CBM 131 Extra"]
[Source "ChessBase"]
[SourceDate "2009.09.03"]
[SourceVersion "2"]
[SourceVersionDate "2009.09.16"]
[SourceQuality "1"]

1. e4 c5 2. Nc3 Nc6 3. f4 g6 4. Nf3 Bg7 5. Bc4 e6 6. 0-0 Nge7 7. d3 0-0 8. e5 d6 9. exd6 Qxd6 10. Ne4 Qd8 11. Be3 b6 12. c3 Bb7 13. Qe1 Nd5 14. Bd2 Nce7 15. Neg5 h6 16. Ne4 Qc7 17. Ne5 Nc6 18. Qh4 Qd8 19. Qh3 Nf6 20. Nxf6+ Qxf6 21. Nd7 Qe7 22. Nxf8 Qxf8 23. Rae1 Rd8 24. Re3 Kh7 25. g4 Qd6 26. f5 Ne5 27. fxg6+ fxg6 28. Rxe5 Qxe5 29. Rf7 Bc6 30. Bxh6 Qe1+ 31. Rf1 Qe2 32. Be3+ 1-0

[Event "Polanica Zdroj op-C 44th"]
[Site "Polanica Zdroj"]
[Date "2008.08.23"]
[Round "5"]
[White "Kowara, Magdalena"]
[Black "Duszenko, Michal"]
[Result "1-0"]
[WhiteElo "1763"]
[BlackElo "1781"]
[PlyCount "85"]
[EventDate "2008.08.19"]
[EventType "swiss"]
[EventRounds "9"]
[EventCountry "POL"]
[SourceTitle "CBM 126 Extra"]
[Source "ChessBase"]
[SourceDate "2008.11.05"]
[SourceVersion "1"]
[SourceVersionDate "2008.11.05"]
[SourceQuality "1"]

1. e4 e5 2. Nf3 Nc6 3. Bb5 a6 4. Ba4 b5 5. Bb3 Bc5 6. 0-0 Nf6 7. d3 d6 8. h3 0-0 9. c3 Bb6 10. Re1 Bb7 11. Nbd2 Na5 12. Bc2 c5 13. Nf1 Qc7 14. Bg5 Nd7 15. Nh4 c4 16. Qg4 f6 17. Bh6 Rf7 18. Nf5 Nf8 19. Be3 Ng6 20. Bxb6 Qxb6 21. dxc4 Nxc4 22. Bb3 d5 23. N1e3 Rd8 24. Nxd5 Bxd5 25. exd5 Rxd5 26. Rad1 Rxd1 27. Rxd1 Qc7 28. Ne3 Nf4 29. Qf3 Re7 30. Qa8+ Kf7 31. Qxa6 Kg6 32. Nxc4 bxc4 33. Qxc4 Qb7 34. f3 Qb6+ 35. Kf1 Rc7 36. Qe4+ Kh6 37. c4 Rc5 38. g3 Nh5 39. Qe3+ g5 40. Rd5 Qe6 41. Qxc5 Qxh3+ 42. Ke1 Qh1+ 43. Kd2 1-0

[Event "Polanica Zdroj op-C 43rd"]
[Site "Polanica Zdroj"]
[Date "2007.08.18"]
[Round "2.18"]
[White "Blaszkiewicz, Mateusz"]
[Black "Duszenko, Michal"]
[Result "1-0"]
[WhiteElo "1801"]
[BlackElo "1799"]
[PlyCount "97"]
[EventDate "2007.08.17"]
[EventType "swiss"]
[EventRounds "9"]
[EventCountry "POL"]
[SourceTitle "CBM 120 Extra"]
[Source "ChessBase"]
[SourceDate "2007.11.01"]
[SourceVersion "1"]
[SourceVersionDate "2007.11.01"]
[SourceQuality "1"]

1. e4 e5 2. Nf3 Nc6 3. Bb5 Bc5 4. c3 Nf6 5. d3 d6 6. a4 a5 7. 0-0 0-0 8. Bg5 h6 9. Bh4 Bd7 10. Re1 Re8 11. Nbd2 Nb8 12. Bc4 Be6 13. d4 exd4 14. cxd4 Bb4 15. Bxe6 Rxe6 16. e5 dxe5 17. dxe5 g5 18. exf6 Rxe1+ 19. Qxe1 gxh4 20. Qe4 Qxf6 21. Qg4+ Kh7 22. Qe4+ Kg7 23. Qg4+ Qg6 24. Qd4+ Kh7 25. Nxh4 Nc6 26. Qf4 Qe6 27. Ne4 Be7 28. g3 Ne5 29. Nf5 Rd8 30. Nxe7 Qxe7 31. Nf6+ Kg6 32. Nd5 Qd6 33. Rd1 f6 34. Qe4+ Kg7 35. f4 Qc5+ 36. Kg2 Ng4 37. Qf5 Qf2+ 38. Kh3 Qxh2+ 39. Kxg4 Qe2+ 40. Kh3 Rd6 41. Qg4+ Qxg4+ 42. Kxg4 c6 43. Nc3 Rxd1 44. Nxd1 b5 45. b3 bxa4 46. bxa4 c5 47. Ne3 Kg6 48. f5+ Kg7 49. Nc4 1-0

[Event "Chrudim op"]
[Site "Chrudim"]
[Date "2002.07.08"]
[Round "1"]
[White "Halldorsson, Jon Arni"]
[Black "Duszenko, Michal"]
[Result "1-0"]
[WhiteElo "2214"]
[BlackElo "1750"]
[PlyCount "53"]
[EventDate "2002.07.??"]
[EventType "swiss"]
[EventRounds "9"]
[EventCountry "CZE"]
[SourceTitle "EXT 2006"]
[Source "ChessBase"]
[SourceDate "2005.11.24"]
[SourceVersion "1"]
[SourceVersionDate "2005.11.24"]
[SourceQuality "1"]

1. d4 Nf6 2. Nf3 g6 3. c4 Bg7 4. Nc3 d6 5. e4 0-0 6. Be2 Nbd7 7. 0-0 e5 8. Re1 Re8 9. Bf1 exd4 10. Nxd4 Nc5 11. f3 Bd7 12. Be3 Ne6 13. Nc2 Nh5 14. Qd2 a6 15. Rad1 Rb8 16. c5 Bf8 17. cxd6 cxd6 18. e5 Bc6 19. exd6 Qd7 20. Bb6 Nhf4 21. Ne3 Ng7 22. Ng4 Nfh5 23. Ne5 Qf5 24. Nxc6 bxc6 25. Rxe8 Rxe8 26. Ne4 Qd7 27. g4 1-0